| 000 | 00430cam a2200157 a 4500 | ||
|---|---|---|---|
| 020 | _a0887069088 | ||
| 020 | _a0887069096 (pbk.) | ||
| 041 | _aENG | ||
| 082 | 0 | 0 |
_a261.8 _bMIN |
| 100 | 1 | _aMin, Anselm Kyongsuk, | |
| 245 | 1 | 0 | _aDialectic of salvation : Issues in Theology of Liberation |
| 260 |
_aAlbany : _bState University of New York Press, _cc1989. |
||
| 300 | _ax, 207 p. ; | ||
| 650 | 0 | _aLiberation theology. | |
| 942 | _cBK | ||
| 999 |
_c22825 _d22825 |
||